Culture Générale - Série 393 - Statistiques

Statistiques générales
  • Ce quiz a été pris 336 fois
  • Le résultat moyen est 9 sur 10
Statistiques - réponses
Question Réponse % Correct
Sur la plage, quelle est la couleur du drapeau qui interdit la baignade ? Rouge
99%
A quel organe du corps humain se rapporte l'adjectif "stomacal" ? A l'estomac
98%
Que signifie le sigle U.V. présent sur les emballages de crèmes solaires ? Ultraviolet
94%
Quel est le nom de la fée dans le film d'animation "Peter Pan" de Walt Disney ? Clochette
92%
Dans quelle ville trouve-t-on le pont des soupirs ? Venise
90%
Que signifient les initiales "P.-V." quand elles désignent une contravention ? Procès-Verbal
89%
Quel est le nom du "monstre gentil" orange, héros de l'émission "L'Ile aux enfants" ? Casimir
87%
Dans quel conte de Charles Perrault une princesse se pique le doigt en filant et sombre dans un profond sommeil ? La Belle au bois dormant
87%
Quel célèbre groupe français a chanté "Le Bal masqué", "C'est bon pour le moral" et "Bons baisers de Fort-de-France" ? La Compagnie Créole
86%
Quel est le participe présent du verbe "joindre" ? Joignant
81%
Aucun quiz correspondant
Distribution des résultats
% des personnes avec chaque résultat
Percentile par nombre de réponses
Votre historique - résultats
Vous n’avez pas pris ce quiz